Pohjanmaan kunnat kartalla - Statistics

Yleistilastot
  • Tätä visaa on pelattu 8 947 kertaa
  • Keskiarvotulos 10 / 14
Vastaukset kartalla
Vastauksille on annettu kartalla punavihreä väri sen mukaan, kuinka moni on saanut sen oikein.
 
Vastaustilastot
Vaakuna Väkiluku Kunta % Oikein
3 70 382 Vaasa
98%
3 19 520 Pietarsaari
80%
3 6 143 Kristiinankaupunki
76%
3 19 739 Mustasaari
75%
3 9 574 Närpiö
73%
3 7 450 Uusikaarlepyy
68%
3 11 206 Pedersören kunta
65%
3 6 199 Vöyri
64%
3 7 651 Laihia
63%
3 6 345 Kruunupyy
60%
3 5 414 Maalahti
60%
3 5 876 Luoto
58%
3 1 246 Kaskinen
57%
3 1 997 Korsnäs
57%
Ehtoja vastaavia visoja ei löytynyt
Tulosjakauma
Jokaisen tuloksen saaneiden osuus
Persentiili vastausten määrän mukaan
Tuloshistoriasi
Et ole pelannut tätä visaa